| 000 | 00480nam a2200193Ia 4500 | ||
|---|---|---|---|
| 005 | 20240823050138.0 | ||
| 008 | 240823s9999||||xx |||||||||||||| ||und|| | ||
| 020 | _a978-81-224-3368-5 | ||
| 041 | _aENGLISH | ||
| 082 | _A547 Q0 | ||
| 100 | _aMukherji S M et al. | ||
| 245 | 0 | _aOrganic Chemistry Volume I | |
| 250 | _a2nd | ||
| 260 |
_c2010 _bNew Age International (P _aNew Delhi |
||
| 500 | _aTRANSFERED | ||
| 650 |
_aChemistry _bChemistry |
||
| 942 | _cBK | ||
| 999 |
_c216582 _d216582 |
||